000 00847nas a2200289 4500
001 BR0203981
003 BR-BrBNA
005 20231205103147.0
007 ta
008 230509b bl.|||p| |||| 00| 00por d
040 _aBR-BrBNA
_bpor
_cBiblioteca Nacional de Agricultura
041 _a(Pt)
072 _aF30; H10
100 1 _aEcher, M.M.
100 1 _aFernandes, M.C.A.
100 1 _aRibeiro, R.L.D.
100 1 _aPeracchi, A.L.
245 1 _aAvaliação de genótipos de Capsicum para resistência ao ácaro branco
650 _aPIMENTÃO
650 _aGENÓTIPO
650 _aVARIEDADE RESISTENTE
650 _aÁCARO BRANCO
650 _aESTUFA
773 0 _tHorticultura Brasileira (Brazil)
_xISSN 0102-0536
_g(Jun 2002), v. 20(2) p. 217-221
_wBR0203981
909 _a202311
_bLúcia
_c55
_dLúcia Elande
942 _2AGRIS
_n0
_cANA
999 _c171413
_d171413